Central Library OPAC University of Rajshahi

The study of policy formation / (Record no. 15127)

MARC details
000 -LEADER
fixed length control field 00971cam a22003011 4500
001 - CONTROL NUMBER
control field 15127
003 - CONTROL NUMBER IDENTIFIER
rucl marc code BD-RjUL
005 - DATE AND TIME OF LATEST TRANSACTION
control field 20211208235744.0
008 - FIXED-LENGTH DATA ELEMENTS--GENERAL INFORMATION
fixed length control field 140209s1968 nyua b 001 0 eng
035 ## - SYSTEM CONTROL NUMBER
System control number (BD-RjUL)15181
040 ## - CATALOGING SOURCE
Original cataloging agency DLC
Transcribing agency DLC
Modifying agency DLC
Language of cataloging eng
041 ## - LANGUAGE CODE
Language code of text/sound track or separate title eng
082 00 - DEWEY DECIMAL CLASSIFICATION NUMBER
Classification number 658.4
Author mark and year STU 1968
100 1# - MAIN ENTRY--PERSONAL NAME
Personal name Bauer, Raymond Augustine,
Dates associated with a name 1916-1977.
9 (RLIN) 47078
245 14 - TITLE STATEMENT
Title The study of policy formation /
Statement of responsibility, etc. edited by Raymond A. Bauer and Kenneth J. Gergen.
260 ## - PUBLICATION, DISTRIBUTION, ETC. (IMPRINT)
Place of publication, distribution, etc. New York :
Name of publisher, distributor, etc. Free Press,
Date of publication, distribution, etc. 1968
300 ## - PHYSICAL DESCRIPTION
Pagination xxii, 392 p. :
Illustrations illus. ;
Size 24 cm.
500 ## - GENERAL NOTE
General note Prepared in cooperation with the National Planning Association.
504 ## - BIBLIOGRAPHY, ETC. NOTE
Bibliography, etc Includes index
650 #0 - SUBJECT ADDED ENTRY--TOPICAL TERM
Topical term or geographic name as entry element Decision making.
9 (RLIN) 47079
Topical term or geographic name as entry element Management.
9 (RLIN) 47080
Topical term or geographic name as entry element Public administration.
9 (RLIN) 47081
700 1# - ADDED ENTRY--PERSONAL NAME
Personal name Gergen, Kenneth J.,
Relator term joint author.
710 2# - ADDED ENTRY--CORPORATE NAME
Corporate name or jurisdiction name as entry element National Planning Association.
9 (RLIN) 47083
942 ## - ADDED ENTRY ELEMENTS (KOHA)
Source of classification or shelving scheme Dewey Decimal Classification
Koha item type Books
Holdings
Lost status Source of classification or shelving scheme Damaged status Not for loan Collection code Permanent Location Current Location Shelving location Date acquired Source of acquisition Cost, normal purchase price Total Checkouts Full call number Date last seen Copy number Koha item type
  Dewey Decimal Classification   Not For Loan Non-fiction Central Library, University of Rajshahi Central Library, University of Rajshahi Reading Room 18/09/1972 Zeitlinger 5.00   658.4 STU 1968 09/02/2014 C-1 Books